000
00229 a2200109 4500
001
64527
082
_a
004.6 MAL
090
_c
38155
_d
38155
100
_a
Maloni, Kelly
245
_a
Net tech
260
_a
New York
_b
Random House
942
_a
NUST-CAE
_k
004.6 MAL
999
_c
299600
_d
299600